|
|
|
|
| LEADER |
01049nam a22002652a 4500 |
| 001 |
001859961 |
| 003 |
CZ BrMZK |
| 005 |
20230608095052.0 |
| 007 |
ta |
| 008 |
230526s1907 it er|||||||||||ger d |
| 040 |
|
|
|a ABA001
|b cze
|c ABA001
|d BOA001
|
| 041 |
1 |
|
|a ger
|h ita
|
| 100 |
1 |
|
|a Illica, Luigi,
|d 1857-1919
|7 jn20000603135
|4 aut
|
| 245 |
1 |
4 |
|a Die kleine Frau Schmetterling [Madame Butterfly] :
|b Tragödie einer Japanerin [nach John L. Long und David Belasco] /
|c von Luigi Illica und Giuseppe Giacosa ; Deutsch von Alfred Brüggemann ; Musik von Giacomo Puccini
|
| 260 |
|
|
|a Mailand :
|b G. Ricordi & C.,
|c [1907]
|
| 300 |
|
|
|a 54 s.
|
| 500 |
|
|
|a Přeloženo z italštiny?
|
| 700 |
1 |
|
|a Giacosa, Giuseppe,
|d 1847-1906
|7 jn20000601789
|4 aut
|
| 700 |
1 |
|
|a Brüggemann, Alfred,
|d 1873-1944
|7 jx20080828004
|4 trl
|
| 700 |
1 |
|
|a Puccini, Giacomo,
|d 1858-1924
|7 jn20000604528
|4 cmp
|
| 910 |
|
|
|a BOA001
|b 1-0239.773
|
| 990 |
|
|
|a BK
|
| 993 |
|
|
|a Y
|
| 991 |
|
|
|b 202305
|
| 996 |
6 |
|
|b BC-2413622
|c 1-0239.773
|l MZK
|r Sklad / do 1 hodiny
|n 0
|w 001927031
|u 000010
|a 1
|e BOA001
|j MZK50
|s P
|